பொரு ளியல்

Saved in:
Bibliographic Details
Format: Book
Published: கொமும்பு: அள்ரன் பதிப்பகம்,
Subjects:
300
Tags: Add Tag
No Tags, Be the first to tag this record!

MARC

LEADER 00000nam a22000007a 4500
005 20220829084637.0
020 |a 9789557298061 
041 |a TAM 
082 |a 330 
245 |a பொரு ளியல் 
260 |a கொமும்பு:  |b அள்ரன் பதிப்பகம், 
300 |a 314; 
650 |a 300 
942 |2 ddc  |c LBK 
999 |c 54406  |d 54405